The three feathers / (Record no. 9449)
[ view plain ]
| 000 -LEADER | |
|---|---|
| fixed length control field | 00948nam a22002897a 4500 |
| 001 - CONTROL NUMBER | |
| control field | 9449 |
| 003 - CONTROL NUMBER IDENTIFIER | |
| control field | FISKH |
| 005 - DATE AND TIME OF LATEST TRANSACTION | |
| control field | 20260109094833.0 |
| 008 - FIXED-LENGTH DATA ELEMENTS--GENERAL INFORMATION | |
| fixed length control field | 260109b cb ||||| |||| 00| 0 eng d |
| 020 ## - INTERNATIONAL STANDARD BOOK NUMBER | |
| International Standard Book Number | 9788956354033 |
| 040 ## - CATALOGING SOURCE | |
| Original cataloging agency | FISKH |
| Language of cataloging | eng |
| Transcribing agency | FISKH |
| Modifying agency | FISKH |
| 050 ## - LIBRARY OF CONGRESS CALL NUMBER | |
| Classification number | PZ7 |
| 082 ## - DEWEY DECIMAL CLASSIFICATION NUMBER | |
| Classification number | 398.2 |
| 100 ## - MAIN ENTRY--PERSONAL NAME | |
| Personal name | Grimm, Brothers |
| Relator term | Author |
| 245 ## - TITLE STATEMENT | |
| Title | The three feathers / |
| Statement of responsibility, etc. | Brothers Grimm ; series editor : Jason Wilburn |
| 260 ## - PUBLICATION, DISTRIBUTION, ETC. | |
| Place of publication, distribution, etc. | Seoul : |
| Name of publisher, distributor, etc. | XACT , |
| Date of publication, distribution, etc. | 2009 |
| 300 ## - PHYSICAL DESCRIPTION | |
| Extent | 34 pages : |
| Other physical details | color illustrations ; |
| Dimensions | 21 cm |
| 490 ## - SERIES STATEMENT | |
| Series statement | My first classic readers : |
| Volume/sequential designation | Level 4 |
| 505 ## - FORMATTED CONTENTS NOTE | |
| Formatted contents note | P<br/> |
| 520 ## - SUMMARY, ETC. | |
| Summary, etc. | A king tells his three sons each to follow a feather to their destiny. One son gets east. Another goes west. And, the third son goes... down into the sewer!? |
| 521 8# - TARGET AUDIENCE NOTE | |
| Target audience note | 600<br/> |
| Source | Lexile estimate<br/> |
| 521 8# - TARGET AUDIENCE NOTE | |
| Target audience note | P<br/> |
| Source | Raz-Plus<br/> |
| 650 ## - SUBJECT ADDED ENTRY--TOPICAL TERM | |
| Topical term or geographic name entry element | The king |
| Form subdivision | Three sons |
| 650 ## - SUBJECT ADDED ENTRY--TOPICAL TERM | |
| Topical term or geographic name entry element | Three feathers |
| Form subdivision | Destiny |
| 942 ## - ADDED ENTRY ELEMENTS (KOHA) | |
| Source of classification or shelving scheme | Dewey Decimal Classification |
| Koha item type | Books |
| Suppress in OPAC | No |
| Withdrawn status | Lost status | Source of classification or shelving scheme | Damaged status | Not for loan | Collection | Home library | Current library | Shelving location | Date acquired | Total Checkouts | Full call number | Barcode | Date last seen | Copy number | Price effective from | Koha item type |
|---|---|---|---|---|---|---|---|---|---|---|---|---|---|---|---|---|
| Dewey Decimal Classification | Juvenile Fiction | Footprints International School Library Network Toul Tom Poung Campus | Footprints International School Library Network Toul Tom Poung Campus | TTP Primary Yellow Bookshelves | 01/09/2026 | GRI 398.2 PZ7 | FISBK072570 | 01/09/2026 | 1 | 01/09/2026 | Books |
